| 000 | 01014nam0a2200325 4500 | ||
|---|---|---|---|
| 001 | RU\NLR\BIBL_A\011889024 | ||
| 005 | 20181225155157.0 | ||
| 010 |
_a978-5-04-098825-9 _92000 |
||
| 021 |
_aRU _bКН-П-18-085379 _9КН-П-18-6182 |
||
| 035 | _a(NLR Aleph) 011889024 | ||
| 035 | _a(RuMoRGB)009801964 | ||
| 090 |
_a10821236 _c10821236 |
||
| 100 | _a20181212d2018 u y0rusy50 ca | ||
| 101 | 0 | _arus | |
| 102 | _aRU | ||
| 105 | _ay|||z|||000zy | ||
| 200 | 1 |
_aКорректировщик. Блицкрига не будет! _fГеоргий Крол |
|
| 210 |
_aМосква _cЯуза _cЭксмо _d2018 |
||
| 215 |
_a317, [1] с. _d21 |
||
| 225 | 1 | _aВоенно-историческая фантастика | |
| 333 | _a16+ | ||
| 517 | 1 | _aБлицкрига не будет | |
| 686 | 2 | _aШ6(2=Р)8-445 | |
| 700 | 1 |
_aКрол _bГ. _gГеоргий |
|
| 942 | _cBOOK | ||
| 980 | _aNBR | ||
| 980 | _aNB | ||